[Event "English Schools Championship Final 2024"]
[Site "Nottingham University Kings Meadow Campus, United Kingdom"]
[Date "2024.06.27"]
[Round "3.5"]
[White "Zheng, Jerry Z"]
[Black "Kilambi, Venkata Ananth Akshay"]
[Result "1/2-1/2"]
[TimeControl "G50' + 10\" per move."]
[WhiteFideId "460990"]
[BlackFideId "489395"]
[WhiteElo "1904"]
[BlackElo "1985"]

1. e4 {[%clk 00:50:19]} c6 {[%clk 00:49:08]} {[%emt 00:01:13]} 2. d4 {[%clk
00:50:23]} {[%emt 00:00:05]} d5 {[%clk 00:49:14]} {[%emt 00:00:04]} 3. exd5
{[%clk 00:50:27]} {[%emt 00:00:06]} cxd5 {[%clk 00:49:21]} {[%emt 00:00:04]} 4.
c4 {[%clk 00:50:27]} {[%emt 00:00:10]} Nf6 {[%clk 00:49:27]} {[%emt 00:00:03]}
5. Nc3 {[%clk 00:50:29]} {[%emt 00:00:09]} g6 {[%clk 00:49:34]} {[%emt
00:00:03]} 6. Qb3 {[%clk 00:49:30]} {[%emt 00:01:08]} Bg7 {[%clk 00:49:39]}
{[%emt 00:00:05]} 7. cxd5 {[%clk 00:49:13]} {[%emt 00:00:28]} O-O {[%clk
00:49:42]} {[%emt 00:00:06]} 8. Be2 {[%clk 00:49:17]} {[%emt 00:00:05]} Nbd7
{[%clk 00:49:46]} {[%emt 00:00:06]} 9. Bf3 {[%clk 00:47:56]} {[%emt 00:01:32]}
Nb6 {[%clk 00:49:32]} {[%emt 00:00:24]} 10. Bf4 {[%clk 00:46:19]} {[%emt
00:01:47]} Bg4 {[%clk 00:46:56]} {[%emt 00:02:45]} 11. Be5 {[%clk 00:40:41]}
{[%emt 00:05:49]} Bxf3 {[%clk 00:45:46]} {[%emt 00:01:20]} 12. Nxf3 {[%clk
00:40:42]} {[%emt 00:00:09]} Nfxd5 {[%clk 00:45:33]} {[%emt 00:00:23]} 13. Bxg7
{[%clk 00:40:14]} {[%emt 00:00:38]} Kxg7 {[%clk 00:45:39]} {[%emt 00:00:04]} 14.
O-O {[%clk 00:36:39]} {[%emt 00:03:46]} e6 {[%clk 00:41:56]} {[%emt 00:03:53]}
15. Nxd5 {[%clk 00:34:58]} {[%emt 00:01:50]} Qxd5 {[%clk 00:41:34]} {[%emt
00:00:32]} 16. Qa3 {[%clk 00:31:01]} {[%emt 00:04:07]} Nc4 {[%clk 00:39:20]}
{[%emt 00:02:24]} 17. Qb3 {[%clk 00:30:47]} {[%emt 00:00:24]} a5 {[%clk
00:35:24]} {[%emt 00:04:06]} 18. Ne5 {[%clk 00:21:00]} {[%emt 00:09:58]} b5
{[%clk 00:27:39]} {[%emt 00:07:55]} 19. Rac1 {[%clk 00:13:31]} {[%emt
00:07:37]} Rfc8 {[%clk 00:18:07]} {[%emt 00:09:42]} 20. Nxc4 {[%clk 00:11:54]}
{[%emt 00:01:48]} Rxc4 {[%clk 00:17:50]} {[%emt 00:00:27]} 21. Rxc4 {[%clk
00:10:30]} {[%emt 00:01:34]} bxc4 {[%clk 00:17:21]} {[%emt 00:00:40]} 22. Qc3
{[%clk 00:06:49]} {[%emt 00:03:50]} Rd8 {[%clk 00:17:05]} {[%emt 00:00:26]} 23.
h3 {[%clk 00:05:53]} {[%emt 00:01:06]} Rd7 {[%clk 00:12:48]} {[%emt 00:04:27]}
24. Rd1 {[%clk 00:01:02]} {[%emt 00:05:02]} e5 {[%clk 00:12:30]} {[%emt
00:00:27]} 25. Rc1 {[%clk 00:00:50]} {[%emt 00:00:23]} Qxd4 {[%clk 00:10:22]}
{[%emt 00:02:17]} 26. Qxa5 {[%clk 00:00:50]} {[%emt 00:00:10]} Qxb2 {[%clk
00:03:37]} {[%emt 00:06:54]} 27. Rxc4 {[%clk 00:00:55]} {[%emt 00:00:06]} Rd1+
{[%clk 00:01:54]} {[%emt 00:01:52]} 28. Kh2 {[%clk 00:01:02]} {[%emt 00:00:03]}
Qxf2 {[%clk 00:01:59]} {[%emt 00:00:05]} 29. Qxe5+ {[%clk 00:01:05]} {[%emt
00:00:08]} Qf6 {[%clk 00:01:14]} {[%emt 00:00:55]} 30. Qxf6+ {[%clk 00:00:48]}
{[%emt 00:00:27]} Kxf6 {[%clk 00:01:22]} {[%emt 00:00:02]} 31. Rc2 {[%clk
00:00:20]} {[%emt 00:00:38]} Rd4 {[%clk 00:01:19]} {[%emt 00:00:13]} 32. a3
{[%clk 00:00:27]} {[%emt 00:00:03]} Ra4 {[%clk 00:01:27]} {[%emt 00:00:01]} 33.
Ra2 {[%clk 00:00:36]} {[%emt 00:00:02]} Ke5 {[%clk 00:01:29]} {[%emt 00:00:07]}
34. Kg3 {[%clk 00:00:44]} {[%emt 00:00:02]} h5 {[%clk 00:01:22]} {[%emt
00:00:17]} 35. Kf3 {[%clk 00:00:49]} {[%emt 00:00:05]} Kd5 {[%clk 00:00:52]}
{[%emt 00:00:40]} 36. Ke3 {[%clk 00:00:48]} {[%emt 00:00:12]} Kc4 {[%clk
00:00:55]} {[%emt 00:00:07]} 37. Ra1 {[%clk 00:00:15]} {[%emt 00:00:44]} Kb3
{[%clk 00:00:30]} {[%emt 00:00:34]} 38. Rd1 {[%clk 00:00:15]} {[%emt 00:00:10]}
Ra7 {[%clk 00:00:14]} {[%emt 00:00:26]} 39. Rd3+ {[%clk 00:00:21]} {[%emt
00:00:04]} Kc4 {[%clk 00:00:20]} {[%emt 00:00:05]} 40. Kd2 {[%clk 00:00:25]}
{[%emt 00:00:05]} Re7 {[%clk 00:00:20]} {[%emt 00:00:10]} 41. Re3 {[%clk
00:00:25]} {[%emt 00:00:10]} Rd7+ {[%clk 00:00:20]} {[%emt 00:00:11]} 42. Ke2
{[%clk 00:00:18]} {[%emt 00:00:16]} Rd6 {[%clk 00:00:21]} {[%emt 00:00:08]} 43.
a4 {[%clk 00:00:25]} {[%emt 00:00:04]} Kb4 {[%clk 00:00:28]} {[%emt 00:00:03]}
44. Re4+ {[%clk 00:00:34]} Ka5 {[%clk 00:00:35]} {[%emt 00:00:03]} 45. Ke3
{[%clk 00:00:42]} {[%emt 00:00:02]} Rb6 {[%clk 00:00:22]} {[%emt 00:00:23]} 46.
Kf4 {[%clk 00:00:44]} {[%emt 00:00:09]} Rf6+ {[%clk 00:00:22]} {[%emt
00:00:09]} 47. Kg5 {[%clk 00:00:47]} {[%emt 00:00:07]} Rf5 {[%clk 00:00:24]}
{[%emt 00:00:08]} 48. Kh4 {[%clk 00:00:33]} {[%emt 00:00:24]} Rf2 {[%clk
00:00:32]} {[%emt 00:00:02]} 49. Kg3 {[%clk 00:00:38]} {[%emt 00:00:06]} Rf5
{[%clk 00:00:40]} {[%emt 00:00:01]} 50. Rf4 {[%clk 00:00:46]} {[%emt 00:00:02]}
Rg5+ {[%clk 00:00:40]} {[%emt 00:00:10]} 51. Kf3 {[%clk 00:00:45]} {[%emt
00:00:12]} Rc5 {[%clk 00:00:31]} {[%emt 00:00:18]} 52. Ke3 {[%clk 00:00:19]}
{[%emt 00:00:36]} Rc7 {[%clk 00:00:27]} {[%emt 00:00:14]} 53. Rd4 {[%clk
00:00:18]} {[%emt 00:00:11]} Re7+ {[%clk 00:00:32]} {[%emt 00:00:06]} 54. Kf4
{[%clk 00:00:22]} {[%emt 00:00:05]} Re6 {[%clk 00:00:35]} {[%emt 00:00:08]} 55.
Kg5 {[%clk 00:00:14]} {[%emt 00:00:18]} Re5 {[%clk 00:00:30]} {[%emt 00:00:14]}
56. Kf4 {[%clk 00:00:13]} {[%emt 00:00:11]} Rf5+ {[%clk 00:00:37]} {[%emt
00:00:03]} 57. Ke3 {[%clk 00:00:19]} {[%emt 00:00:03]} g5 {[%clk 00:00:36]}
{[%emt 00:00:12]} 58. Re4 {[%clk 00:00:17]} {[%emt 00:00:12]} f6 {[%clk
00:00:28]} {[%emt 00:00:17]} 59. Ke2 {[%clk 00:00:12]} {[%emt 00:00:16]} Rc5
{[%clk 00:00:16]} {[%emt 00:00:22]} 60. Kf3 {[%clk 00:00:19]} {[%emt 00:00:03]}
f5 {[%clk 00:00:18]} {[%emt 00:00:08]} 61. Rd4 {[%clk 00:00:25]} {[%emt
00:00:03]} Rc3+ {[%clk 00:00:15]} {[%emt 00:00:14]} 62. Ke2 {[%clk 00:00:27]}
{[%emt 00:00:04]} g4 {[%clk 00:00:14]} {[%emt 00:00:15]} 63. hxg4 {[%clk
00:00:13]} {[%emt 00:00:24]} fxg4 {[%emt 00:00:14]} 64. Kf2 {[%emt 00:00:06]}
Rc2+ {[%emt 00:00:02]} 65. Kg3 {[%emt 00:00:01]} h4+ {[%emt 00:00:05]} 66. Kxg4
{[%emt 00:00:10]} Rxg2+ {[%emt 00:00:02]} 1/2-1/2

[Event "English Schools Championship Final 2024"]
[Site "Nottingham University Kings Meadow Campus, United Kingdom"]
[Date "2024.06.27"]
[Round "3.6"]
[White "Venkatesh, Anuj V"]
[Black "Banerji, Kumar"]
[Result "1/2-1/2"]
[TimeControl "G50' + 10\" per move."]
[WhiteFideId "455636"]
[BlackFideId "459666"]
[WhiteElo "1823"]
[BlackElo "1847"]

1. d4 {[%clk 00:50:18]} {[%emt 00:00:01]} Nf6 {[%clk 00:50:09]} {[%emt
00:00:12]} 2. c4 {[%clk 00:50:23]} {[%emt 00:00:05]} g6 {[%clk 00:50:06]}
{[%emt 00:00:13]} 3. g3 {[%clk 00:50:24]} {[%emt 00:00:09]} Bg7 {[%clk
00:49:52]} {[%emt 00:00:24]} 4. Bg2 {[%clk 00:50:16]} {[%emt 00:00:17]} O-O
{[%clk 00:49:17]} {[%emt 00:00:45]} 5. Bf4 {[%clk 00:49:02]} {[%emt 00:01:24]}
c5 {[%clk 00:45:53]} {[%emt 00:03:35]} 6. Nc3 {[%clk 00:39:43]} {[%emt
00:09:29]} cxd4 {[%clk 00:42:41]} {[%emt 00:03:22]} 7. Nb5 {[%clk 00:39:42]}
{[%emt 00:00:11]} d6 {[%clk 00:37:57]} {[%emt 00:04:54]} 8. Qxd4 {[%clk
00:33:23]} {[%emt 00:06:29]} e5 {[%clk 00:35:14]} {[%emt 00:02:53]} 9. Bxe5
{[%clk 00:33:10]} {[%emt 00:00:22]} dxe5 {[%clk 00:35:23]} {[%emt 00:00:02]} 10.
Qxd8 {[%clk 00:33:13]} {[%emt 00:00:07]} Rxd8 {[%clk 00:35:30]} {[%emt
00:00:03]} 11. Nc7 {[%clk 00:33:17]} {[%emt 00:00:06]} e4 {[%clk 00:35:35]}
{[%emt 00:00:05]} 12. Nxa8 {[%clk 00:31:24]} {[%emt 00:02:02]} Na6 {[%clk
00:35:41]} {[%emt 00:00:04]} 13. Rd1 {[%clk 00:29:12]} {[%emt 00:02:22]} Bd7
{[%clk 00:32:54]} {[%emt 00:02:57]} 14. Bh3 {[%clk 00:28:47]} {[%emt 00:00:35]}
Kf8 {[%emt 00:22:18]} 15. b4 {[%clk 00:27:12]} {[%emt 00:01:45]} Ke7 {[%clk
00:10:34]} {[%emt 00:00:23]} 16. Bxd7 {[%clk 00:22:50]} {[%emt 00:04:31]} Rxd7
{[%clk 00:10:21]} {[%emt 00:00:24]} 17. Rxd7+ {[%clk 00:22:28]} {[%emt
00:00:32]} Kxd7 {[%clk 00:10:25]} {[%emt 00:00:06]} 18. b5 {[%clk 00:22:34]}
{[%emt 00:00:04]} Nb4 {[%clk 00:05:53]} {[%emt 00:04:42]} 19. b6 {[%clk
00:21:40]} {[%emt 00:01:04]} axb6 {[%clk 00:01:45]} {[%emt 00:04:18]} 20. Nxb6+
{[%clk 00:21:40]} {[%emt 00:00:09]} Kc6 {[%clk 00:01:53]} {[%emt 00:00:03]} 21.
Nc8 {[%clk 00:21:05]} {[%emt 00:00:43]} Kc5 {[%clk 00:00:51]} {[%emt 00:01:13]}
22. Nh3 {[%clk 00:20:27]} {[%emt 00:00:47]} Kxc4 {[%clk 00:00:58]} {[%emt
00:00:04]} 23. Nd6+ {[%clk 00:20:32]} {[%emt 00:00:05]} Kd5 {[%clk 00:00:26]}
{[%emt 00:00:43]} 24. Nxb7 {[%clk 00:20:14]} {[%emt 00:00:27]} Nxa2 {[%clk
00:00:33]} {[%emt 00:00:04]} 25. Ng5 {[%clk 00:20:05]} {[%emt 00:00:14]} Ng4
{[%clk 00:00:31]} {[%emt 00:00:16]} 26. Nxf7 {[%clk 00:19:13]} {[%emt
00:01:02]} e3 {[%clk 00:00:23]} {[%emt 00:00:18]} 27. fxe3 {[%clk 00:18:35]}
{[%emt 00:00:48]} Bc3+ {[%clk 00:00:32]} 28. Kf1 {[%clk 00:18:44]} {[%emt
00:00:01]} Nxe3+ {[%clk 00:00:40]} {[%emt 00:00:01]} 29. Kf2 {[%clk 00:18:51]}
{[%emt 00:00:02]} Bd4 {[%clk 00:00:36]} {[%emt 00:00:16]} 30. Kf3 {[%clk
00:18:38]} {[%emt 00:00:22]} Nc3 {[%clk 00:00:33]} {[%emt 00:00:14]} 31. Ng5
{[%clk 00:17:44]} {[%emt 00:01:04]} h6 {[%clk 00:00:27]} {[%emt 00:00:17]} 32.
Nh3 {[%clk 00:17:48]} {[%emt 00:00:05]} g5 {[%clk 00:00:31]} {[%emt 00:00:06]}
33. Nf2 {[%clk 00:17:45]} {[%emt 00:00:13]} h5 {[%clk 00:00:27]} {[%emt
00:00:15]} 34. g4 {[%clk 00:17:07]} {[%emt 00:00:47]} hxg4+ {[%clk 00:00:11]}
{[%emt 00:00:26]} 35. Nxg4 {[%clk 00:17:09]} {[%emt 00:00:07]} Nxg4 {[%clk
00:00:20]} {[%emt 00:00:02]} 36. Kxg4 {[%clk 00:17:18]} {[%emt 00:00:01]} Bb6
{[%clk 00:00:29]} {[%emt 00:00:01]} 37. Kxg5 {[%clk 00:16:55]} {[%emt
00:00:33]} Nxe2 {[%clk 00:00:29]} {[%emt 00:00:10]} 38. h4 {[%clk 00:15:27]}
{[%emt 00:01:37]} Kc6 {[%clk 00:00:38]} 39. Re1 {[%clk 00:14:28]} {[%emt
00:01:06]} Nd4 {[%clk 00:00:47]} {[%emt 00:00:05]} 40. Re7 {[%clk 00:14:11]}
{[%emt 00:00:26]} Nf3+ {[%clk 00:00:16]} {[%emt 00:00:42]} 41. Kg4 {[%clk
00:13:59]} {[%emt 00:00:22]} Nxh4 {[%clk 00:00:22]} {[%emt 00:00:04]} 42. Kxh4
{[%clk 00:13:51]} {[%emt 00:00:18]} Bc7 {[%clk 00:00:29]} {[%emt 00:00:03]} 43.
Nc5 {[%clk 00:12:26]} {[%emt 00:01:35]} Bd8 {[%clk 00:00:36]} {[%emt 00:00:03]}
44. Kh3 {[%clk 00:12:34]} {[%emt 00:00:02]} Bxe7 {[%clk 00:00:43]} {[%emt
00:00:02]} 1/2-1/2

[Event "English Schools Championship Final 2024"]
[Site "Nottingham University Kings Meadow Campus, United Kingdom"]
[Date "2024.06.27"]
[Round "3.7"]
[White "Buanne, Luca"]
[Black "Han, Yichen"]
[Result "0-1"]
[TimeControl "G50' + 10\" per move."]
[WhiteFideId "460133"]
[BlackFideId "1054430"]
[WhiteElo "2154"]
[BlackElo "2434"]

1. e4 {[%clk 00:50:18]} {[%emt 00:00:02]} c5 {[%clk 00:50:18]} {[%emt
00:00:03]} 2. Nf3 {[%clk 00:50:14]} {[%emt 00:00:14]} Nc6 {[%clk 00:50:23]}
{[%emt 00:00:05]} 3. d4 {[%clk 00:50:20]} {[%emt 00:00:04]} cxd4 {[%clk
00:50:29]} {[%emt 00:00:04]} 4. Nxd4 {[%clk 00:50:27]} {[%emt 00:00:03]} Nf6
{[%clk 00:50:33]} {[%emt 00:00:06]} 5. Nc3 {[%clk 00:50:30]} {[%emt 00:00:07]}
e6 {[%clk 00:50:40]} {[%emt 00:00:03]} 6. Nxc6 {[%clk 00:48:48]} {[%emt
00:01:53]} bxc6 {[%clk 00:50:41]} {[%emt 00:00:09]} 7. e5 {[%clk 00:48:22]}
{[%emt 00:00:35]} Nd5 {[%clk 00:50:46]} {[%emt 00:00:05]} 8. Ne4 {[%clk
00:47:58]} {[%emt 00:00:34]} Bb7 {[%clk 00:50:48]} {[%emt 00:00:09]} 9. c4
{[%clk 00:41:40]} {[%emt 00:06:27]} Nb4 {[%clk 00:50:46]} {[%emt 00:00:12]} 10.
a3 {[%clk 00:40:52]} {[%emt 00:00:58]} Qa5 {[%clk 00:50:51]} {[%emt 00:00:06]}
11. Nc3 {[%clk 00:33:41]} {[%emt 00:07:21]} Qxe5+ {[%clk 00:50:44]} {[%emt
00:00:17]} 12. Be2 {[%clk 00:32:57]} {[%emt 00:00:52]} Na6 {[%clk 00:50:42]}
{[%emt 00:00:12]} 13. O-O {[%clk 00:32:59]} {[%emt 00:00:09]} Be7 {[%clk
00:48:47]} {[%emt 00:02:04]} 14. Be3 {[%clk 00:33:02]} {[%emt 00:00:08]} Qc7
{[%clk 00:46:13]} {[%emt 00:02:44]} 15. Rc1 {[%clk 00:32:07]} {[%emt 00:01:05]}
O-O {[%clk 00:45:01]} {[%emt 00:01:22]} 16. Nb5 {[%clk 00:29:42]} {[%emt
00:02:35]} cxb5 {[%clk 00:43:41]} {[%emt 00:01:30]} 17. cxb5 {[%clk 00:29:40]}
{[%emt 00:00:13]} Nc5 {[%clk 00:43:43]} {[%emt 00:00:07]} 18. b4 {[%clk
00:29:24]} {[%emt 00:00:26]} d6 {[%clk 00:43:39]} {[%emt 00:00:14]} 19. bxc5
{[%clk 00:28:43]} {[%emt 00:00:51]} dxc5 {[%clk 00:43:40]} {[%emt 00:00:09]} 20.
Bf3 {[%clk 00:25:36]} {[%emt 00:03:17]} Rfd8 {[%clk 00:41:19]} {[%emt
00:02:31]} 21. Qe2 {[%clk 00:25:36]} {[%emt 00:00:09]} Bd5 {[%clk 00:40:59]}
{[%emt 00:00:30]} 22. Rfd1 {[%clk 00:23:45]} {[%emt 00:02:02]} Rac8 {[%clk
00:39:54]} {[%emt 00:01:15]} 23. Re1 {[%clk 00:11:58]} {[%emt 00:11:58]} Qb7
{[%clk 00:36:50]} {[%emt 00:03:13]} 24. Bxd5 {[%clk 00:11:25]} {[%emt
00:00:43]} exd5 {[%clk 00:34:35]} {[%emt 00:02:24]} 25. h3 {[%clk 00:06:50]}
{[%emt 00:04:46]} Bf8 {[%clk 00:32:05]} {[%emt 00:02:39]} 26. Bg5 {[%clk
00:05:25]} {[%emt 00:01:35]} Rd6 {[%clk 00:31:01]} {[%emt 00:01:15]} 27. Qg4
{[%clk 00:04:25]} {[%emt 00:01:10]} Qd7 {[%clk 00:28:27]} {[%emt 00:02:44]} 28.
Be7 {[%clk 00:03:14]} {[%emt 00:01:21]} Qxg4 {[%clk 00:26:43]} {[%emt
00:01:55]} 29. hxg4 {[%clk 00:03:19]} {[%emt 00:00:04]} Rd7 {[%clk 00:26:43]}
{[%emt 00:00:10]} 30. Bxf8 {[%clk 00:02:51]} {[%emt 00:00:38]} Kxf8 {[%clk
00:26:51]} {[%emt 00:00:02]} 31. Red1 {[%clk 00:02:42]} {[%emt 00:00:19]} Ke7
{[%clk 00:26:20]} {[%emt 00:00:41]} 32. Kf1 {[%clk 00:02:49]} {[%emt 00:00:03]}
Kd6 {[%clk 00:26:16]} {[%emt 00:00:13]} 33. Rd4 {[%clk 00:01:01]} {[%emt
00:01:58]} Rb8 {[%clk 00:25:28]} {[%emt 00:00:58]} 0-1

[Event "English Schools Championship Final 2024"]
[Site "Nottingham University Kings Meadow Campus, United Kingdom"]
[Date "2024.06.27"]
[Round "3.8"]
[White "Zakarian, Dimitrios Levon"]
[Black "Ali, Shahvez"]
[Result "1/2-1/2"]
[TimeControl "G50' + 10\" per move."]
[WhiteFideId "453080"]
[BlackFideId "453790"]
[WhiteElo "2096"]
[BlackElo "2107"]

1. d4 {[%clk 00:50:18]} d5 {[%clk 00:50:17]} {[%emt 00:00:05]} 2. Nf3 {[%clk
00:50:24]} {[%emt 00:00:04]} Nf6 {[%clk 00:50:24]} {[%emt 00:00:03]} 3. c4
{[%clk 00:50:30]} {[%emt 00:00:03]} e6 {[%clk 00:50:29]} {[%emt 00:00:06]} 4.
Nc3 {[%clk 00:50:35]} {[%emt 00:00:05]} Be7 {[%clk 00:50:28]} {[%emt 00:00:11]}
5. Bg5 {[%clk 00:50:40]} {[%emt 00:00:05]} O-O {[%clk 00:50:30]} {[%emt
00:00:08]} 6. e3 {[%clk 00:50:46]} {[%emt 00:00:03]} b6 {[%clk 00:50:21]}
{[%emt 00:00:19]} 7. cxd5 {[%clk 00:50:52]} {[%emt 00:00:04]} exd5 {[%clk
00:50:07]} {[%emt 00:00:25]} 8. Bd3 {[%clk 00:50:55]} {[%emt 00:00:06]} Bb7
{[%clk 00:50:12]} {[%emt 00:00:05]} 9. Qc2 {[%clk 00:51:01]} {[%emt 00:00:04]}
h6 {[%clk 00:50:15]} {[%emt 00:00:08]} 10. Bf4 {[%clk 00:50:54]} {[%emt
00:00:17]} Nbd7 {[%clk 00:50:14]} {[%emt 00:00:11]} 11. O-O {[%clk 00:50:58]}
{[%emt 00:00:05]} c5 {[%clk 00:50:12]} {[%emt 00:00:12]} 12. Rad1 {[%clk
00:50:50]} {[%emt 00:00:18]} Re8 {[%clk 00:45:40]} {[%emt 00:04:43]} 13. Bf5
{[%clk 00:49:14]} {[%emt 00:01:45]} Nf8 {[%clk 00:43:33]} {[%emt 00:02:18]} 14.
e4 {[%clk 00:42:23]} {[%emt 00:07:00]} Ne6 {[%clk 00:41:51]} {[%emt 00:01:52]}
15. Be3 {[%clk 00:36:24]} {[%emt 00:06:09]} Nxe4 {[%clk 00:30:56]} {[%emt
00:11:05]} 16. Nxe4 {[%clk 00:34:46]} {[%emt 00:01:48]} dxe4 {[%clk 00:30:28]}
{[%emt 00:00:39]} 17. Bxe4 {[%clk 00:34:18]} {[%emt 00:00:37]} Bxe4 {[%clk
00:30:14]} {[%emt 00:00:24]} 18. Qxe4 {[%clk 00:34:26]} {[%emt 00:00:02]} Ng5
{[%clk 00:27:48]} {[%emt 00:02:37]} 19. Bxg5 {[%clk 00:32:24]} {[%emt
00:02:12]} Bxg5 {[%clk 00:27:53]} {[%emt 00:00:05]} 20. Qg4 {[%clk 00:32:27]}
{[%emt 00:00:06]} Qc8 {[%clk 00:26:43]} {[%emt 00:01:21]} 21. Qxc8 {[%clk
00:31:59]} {[%emt 00:00:37]} Raxc8 {[%clk 00:26:48]} {[%emt 00:00:05]} 22. Nxg5
{[%clk 00:32:02]} {[%emt 00:00:07]} hxg5 {[%clk 00:26:56]} {[%emt 00:00:03]} 23.
dxc5 {[%clk 00:30:46]} {[%emt 00:01:25]} 1/2-1/2

[Event "English Schools Championship Final 2024"]
[Site "Nottingham University Kings Meadow Campus, United Kingdom"]
[Date "2024.06.27"]
[Round "3.9"]
[White "Patel, Zain"]
[Black "Li, Reya"]
[Result "1-0"]
[TimeControl "G50' + 10\" per move."]
[WhiteFideId "469246"]
[BlackFideId "486892"]
[WhiteElo "2050"]
[BlackElo "1859"]

1. d4 {[%clk 00:50:12]} {[%emt 00:00:07]} Nf6 {[%clk 00:50:16]} {[%emt
00:00:04]} 2. Nf3 {[%clk 00:49:49]} {[%emt 00:00:33]} d5 {[%clk 00:50:24]}
{[%emt 00:00:02]} 3. c4 {[%clk 00:49:24]} {[%emt 00:00:35]} e6 {[%clk
00:50:30]} {[%emt 00:00:05]} 4. Nc3 {[%clk 00:49:16]} {[%emt 00:00:17]} c6
{[%clk 00:50:25]} {[%emt 00:00:15]} 5. Bg5 {[%clk 00:48:45]} {[%emt 00:00:42]}
Nbd7 {[%clk 00:50:31]} {[%emt 00:00:05]} 6. e3 {[%clk 00:48:38]} {[%emt
00:00:15]} Qa5 {[%clk 00:50:01]} {[%emt 00:00:41]} 7. Nd2 {[%clk 00:47:27]}
{[%emt 00:01:21]} Bb4 {[%clk 00:49:57]} {[%emt 00:00:14]} 8. Qc2 {[%clk
00:46:24]} {[%emt 00:01:12]} O-O {[%clk 00:48:39]} {[%emt 00:01:28]} 9. Be2
{[%clk 00:43:29]} {[%emt 00:03:05]} Re8 {[%clk 00:44:47]} {[%emt 00:04:03]} 10.
O-O {[%clk 00:43:00]} {[%emt 00:00:39]} dxc4 {[%clk 00:38:30]} {[%emt
00:06:27]} 11. Bxf6 {[%clk 00:42:31]} {[%emt 00:00:38]} Nxf6 {[%clk 00:38:36]}
{[%emt 00:00:04]} 12. Nxc4 {[%clk 00:41:59]} {[%emt 00:00:40]} Qc7 {[%clk
00:37:45]} {[%emt 00:01:04]} 13. e4 {[%clk 00:39:44]} {[%emt 00:02:24]} c5
{[%clk 00:34:08]} {[%emt 00:03:48]} 14. e5 {[%clk 00:35:47]} {[%emt 00:04:06]}
Nd5 {[%clk 00:28:17]} {[%emt 00:06:01]} 15. Nb5 {[%clk 00:33:51]} {[%emt
00:02:06]} Qd8 {[%clk 00:26:02]} {[%emt 00:02:25]} 16. Nbd6 {[%clk 00:32:39]}
{[%emt 00:01:22]} Rf8 {[%clk 00:23:02]} {[%emt 00:03:11]} 17. a3 {[%clk
00:32:05]} {[%emt 00:00:44]} Ba5 {[%clk 00:22:37]} {[%emt 00:00:31]} 18. Nxa5
{[%clk 00:31:34]} {[%emt 00:00:44]} Qxa5 {[%clk 00:22:33]} {[%emt 00:00:14]} 19.
dxc5 {[%clk 00:30:51]} {[%emt 00:00:52]} Nf4 {[%clk 00:20:40]} {[%emt
00:02:04]} 20. Bf3 {[%clk 00:30:31]} {[%emt 00:00:31]} Qc7 {[%clk 00:20:14]}
{[%emt 00:00:36]} 21. b4 {[%clk 00:29:36]} {[%emt 00:01:05]} Ng6 {[%clk
00:19:23]} {[%emt 00:01:00]} 22. Rfe1 {[%clk 00:29:14]} {[%emt 00:00:33]} Nh4
{[%clk 00:18:50]} {[%emt 00:00:43]} 23. Qe4 {[%clk 00:28:38]} {[%emt 00:00:46]}
Nxf3+ {[%clk 00:18:32]} {[%emt 00:00:27]} 24. Qxf3 {[%clk 00:28:43]} {[%emt
00:00:05]} a5 {[%clk 00:18:08]} {[%emt 00:00:35]} 25. h4 {[%clk 00:27:24]}
{[%emt 00:01:28]} axb4 {[%clk 00:17:40]} {[%emt 00:00:39]} 26. axb4 {[%clk
00:27:29]} {[%emt 00:00:05]} Rxa1 {[%clk 00:17:33]} {[%emt 00:00:18]} 27. Rxa1
{[%clk 00:27:34]} {[%emt 00:00:04]} b6 {[%clk 00:17:17]} {[%emt 00:00:26]} 28.
c6 {[%clk 00:26:05]} {[%emt 00:01:39]} f6 {[%clk 00:16:59]} {[%emt 00:00:27]}
29. Ra8 {[%clk 00:25:37]} {[%emt 00:00:38]} Rd8 {[%clk 00:15:18]} {[%emt
00:01:51]} 30. Rxc8 {[%clk 00:24:47]} {[%emt 00:01:00]} Rxc8 {[%clk 00:15:16]}
{[%emt 00:00:12]} 31. Nxc8 {[%clk 00:24:53]} {[%emt 00:00:04]} Qxc8 {[%clk
00:15:16]} {[%emt 00:00:10]} 32. exf6 {[%clk 00:24:50]} {[%emt 00:00:14]} gxf6
{[%clk 00:14:56]} {[%emt 00:00:30]} 33. b5 {[%clk 00:24:43]} {[%emt 00:00:17]}
Qd8 {[%clk 00:14:34]} {[%emt 00:00:31]} 34. Qg3+ {[%clk 00:24:09]} {[%emt
00:00:44]} Kf7 {[%clk 00:14:28]} {[%emt 00:00:16]} 35. c7 {[%clk 00:24:10]}
{[%emt 00:00:10]} Qd7 {[%clk 00:14:27]} {[%emt 00:00:12]} 36. Qc3 {[%clk
00:24:13]} {[%emt 00:00:06]} Qd1+ {[%clk 00:14:05]} {[%emt 00:00:32]} 37. Kh2
{[%clk 00:24:19]} {[%emt 00:00:04]} Qd6+ {[%clk 00:13:35]} {[%emt 00:00:40]} 38.
g3 {[%clk 00:24:25]} {[%emt 00:00:05]} 1-0